Теплопотери здания: справочное пособие

Dettagli Bibliografici
Autore principale: Малявина Е. Г. Елена Георгиевна
Ente Autore: Техническая библиотека НП "АВОК"
Riassunto:В книге подробно рассматриваются все этапы расчета теплопотерь современного здания, основываясь на современной методологической и нормативной базе. Отдельные разделы посвящены выбору расчетных параметров наружной среды и микроклимата здания, основам теплопередачи в ограждениях здания, нормам выбора расчетных значений коэффициентов теплопроводности строительных материалов и коэффициентов теплообмена на поверхностях ограждений, определению требуемого сопротивления теплопередаче ограждений, расчету трансмиссионных теплопотерь здания и потребности в теплоте на нагревание инфильтрационного воздуха, сравнению теплопотерь здания при различных типах системы отопления. Приведены значения удельной тепловой характеристики для современных жилых и общественных зданий. Даны рекомендации по учету теплопоступлений в помещение от солнечной радиации при расчете теплопотребления зданием за отопительный период. Каждый раздел сопровождают примеры расчетов. Издание адресовано специалистам в области отопления и студентам отраслевыхвузов и может считаться пособием по расчету теплопотерь здания и необходимому при этом теплотехническому расчету ограждающих конструкций.
Lingua:russo
Pubblicazione: Москва, АВОК-ПРЕСС, 2007
Soggetti:
Natura: MixedMaterials Libro
KOHA link:https://koha.lib.tpu.ru/cgi-bin/koha/opac-detail.pl?biblionumber=172835

MARC

LEADER 00000nam0a2200000 4500
001 172835
005 20231101223047.0
010 |a 9785982670304 
035 |a (RuTPU)RU\TPU\book\187443 
090 |a 172835 
100 |a 20091216d2007 km y0rusy50 ca 
101 0 |a rus 
102 |a RU 
105 |a a g 001zy 
200 1 |a Теплопотери здания  |e справочное пособие  |f Е. Г. Малявина  |g Техническая библиотека НП "АВОК" 
210 |a Москва  |c АВОК-ПРЕСС  |d 2007 
215 |a 144 с.  |c ил. 
320 |a Библиогр.: с. 135-136. 
330 |a В книге подробно рассматриваются все этапы расчета теплопотерь современного здания, основываясь на современной методологической и нормативной базе. Отдельные разделы посвящены выбору расчетных параметров наружной среды и микроклимата здания, основам теплопередачи в ограждениях здания, нормам выбора расчетных значений коэффициентов теплопроводности строительных материалов и коэффициентов теплообмена на поверхностях ограждений, определению требуемого сопротивления теплопередаче ограждений, расчету трансмиссионных теплопотерь здания и потребности в теплоте на нагревание инфильтрационного воздуха, сравнению теплопотерь здания при различных типах системы отопления. Приведены значения удельной тепловой характеристики для современных жилых и общественных зданий. Даны рекомендации по учету теплопоступлений в помещение от солнечной радиации при расчете теплопотребления зданием за отопительный период. Каждый раздел сопровождают примеры расчетов. Издание адресовано специалистам в области отопления и студентам отраслевыхвузов и может считаться пособием по расчету теплопотерь здания и необходимому при этом теплотехническому расчету ограждающих конструкций. 
606 1 |a Теплопотери  |2 stltpush  |3 (RuTPU)RU\TPU\subj\59793  |9 77291 
610 1 |a наружная среда 
610 1 |a расчетные параметры 
610 1 |a помещения 
610 1 |a микроклимат 
610 1 |a теплопередача 
610 1 |a теплозащита 
610 1 |a наружные ограждения 
610 1 |a сопротивления 
610 1 |a воздухопроницание 
610 1 |a здания 
610 1 |a тепловая характеристика 
610 1 |a тепловая энергия 
610 1 |a отопительный период 
610 1 |a справочники 
675 |a 697.1(035)  |v 3 
700 1 |a Малявина  |b Е. Г.  |g Елена Георгиевна 
712 0 2 |a Техническая библиотека НП "АВОК"  |2 stltpush  |3 (RuTPU)RU\TPU\col\10946  |9 24954 
801 1 |a RU  |b 63413507  |c 20091216 
801 2 |a RU  |b 63413507  |c 20101115  |g RCR 
942 |c BK 
959 |a 125/20091215  |d 1  |e 100,00  |f ЧЗТЛ:1